00226 a2200121 4500001000700000020000600007040001100013100002800024240002000052245001500072362000900087440000800096170882 a  cMagnum aTambaiolli Neto, Egidio10aA profecialpor10aA profecia0 a1899 1aFTD